01067cam a22003011a 4500001001300000003000400013005001700017008004100034010001700075035001900092040004500111042001200156050002300168070002200191072000900213082001000222100004300232245010400275260005200379300002800431490007700459500001700536500004900553504002900602500002100631650003400652830007900686agr51000245 DLC20260227111015.0770711s1950 dcua b f000 0 eng c aagr51000245  a(OCoLC)3106881 aU.S. Dept. of Agr. Libr.cNbUdDNALdDLC apremarc00aS21b.A72 no. 10260 a1bAg84Te no.10260 aP200 a532.51 aEinstein, H. A.q(Hans Albert),d1904-14aThe bed-load function for sediment transportation in open channel flows /cby Hans Albert Einstein. aWashington :bU.S. Dept. of Agriculture,c1950. a71 p. :bill. ;c23 cm.1 aTechnical bulletin / United States Department of Agriculture ;vno. 1026 aCover title. aContribution from Soil Conservation Service. aLiterature cited: p. 68. aErrata included. 0aSedimentation and deposition. 0aTechnical bulletin (United States. Department of Agriculture) ;vno. 1026.